Virtuálny osciloskop

Gespeichert in:
Bibliographische Detailangaben
1. Verfasser: Budai, Juraj (Verfasst von)
Weitere Verfasser: Bittera, Mikuláš (Betreuung Doktorarbeit)
Format: Manuskript Buch
Sprache:Slowakisch
Veröffentlicht: Bratislava : STU v Bratislave FEI, 2021
Schlagworte:
Online-Zugang:https://opac.crzp.sk/?fn=detailBiblioForm&sid=CF9E62B1F4156FE3B9280C84D7C8&seo=CRZP-detail-kniha
Tags: Tag hinzufügen
Keine Tags, Fügen Sie das erste Tag hinzu!

MARC

LEADER 00000ntm a22000003a 4500
001 stuzp83170
003 SK-STU
005 20210810091609.0
007 ta
008 150427s2015----xo-----f-mn---000-0-slo-d
040 |a STU  |b slo 
041 0 |a slo 
044 |a xo 
100 1 |a Budai, Juraj  |u 034000  |4 aut  |U FEI Fakulta elektrotechniky a informatiky  |U FEI Fakulta elektrotechniky a informatiky  |T FEI Ústav elektrotechniky  |X 97743  |U E040  |Y 550  |7 97743 
242 0 1 |a Virtual oscilloscope  |y eng 
245 1 0 |a Virtuálny osciloskop 
260 |a Bratislava : 
260 |b STU v Bratislave FEI, 
260 |c 2021 
300 |a 55 s., príl. 
650 4 |a Webová aplikácia  |2 slo 
650 4 |a JavaScript  |2 slo 
650 4 |a D3.js  |2 slo 
650 4 |a Virtuálny osciloskop  |2 slo 
650 4 |a Virtual oscilloscope  |2 eng 
650 4 |a Web Application  |2 eng 
650 4 |a JavaScript  |2 eng 
650 4 |a D3.js  |2 eng 
700 1 |a Bittera, Mikuláš  |u 034000  |k Z1  |4 ths  |U FEI Fakulta elektrotechniky a informatiky  |U FEI Fakulta elektrotechniky a informatiky  |T FEI Ústav elektrotechniky  |X 1777  |U E040  |Y 550  |7 A000001777 
856 4 |u https://opac.crzp.sk/?fn=detailBiblioForm&sid=CF9E62B1F4156FE3B9280C84D7C8&seo=CRZP-detail-kniha